Съкровища (Запис номер 132828)
[ съкратено ]
| 000 -Лидер | |
|---|---|
| Контролно поле с фиксирана дължина | 01693nam a2200397 c 4500 |
| 003 - Код на организацията, давaща контролен номер | |
| Контролно поле | BLK |
| 005 - Дата и час на последна редакция | |
| Контролно поле | 20240319160822.0 |
| 008 - Елементи от данни с фиксирана дължина | |
| fixed length control field | 180409b bul|||||r ||||||| ||bul|| |
| 010 ## - Наследен системен номер | |
| LC control number | KNG00138706000 |
| 020 ## - Международен стандартен номер на книга ISBN | |
| Международен стандартен номер на книга ISBN | 978-954-625-614-0 |
| -- | издат.: Фют |
| 040 ## - Източник на каталожния запис | |
| Идентификатор на билиотеката - собственик на записа | BLK |
| 041 ## - Код за език | |
| Код за езика на текст/звукозапис или на отделно заглавие | Български |
| Код за езика КДБФ | Български |
| 072 #7 - Код за тематичната категория | |
| Код организация | bullib |
| Код за тематична категория | Н86 |
| Текст | Детска отраслова литература Н |
| 080 ## - УДК | |
| Текстов определител УДК | Паметници на културата на историческите периоди. Археологическите паметници. Старини |
| УДК код - определител по УДК | 904 |
| УДК определител | (100) |
| УДК - код + определител | 904(100) |
| 100 1# - Редна дума - Автор | |
| Автор | Мърфи, Глен |
| Авторска отговорност | първи автор |
| R(LIN) | 300417 |
| 139 ## - Редно поле | |
| Редна дума | Мърфи, Глен |
| Авторски знак | Мъ - М 97 |
| 245 10 - Сведения за заглавието | |
| Заглавие | Съкровища |
| Подзаглавни данни | Изгубени и отново намерени |
| Редно поле (дума) | Глен Мърфи; прев. Екатерина Христева Митренцева. |
| 257 ## - Страна на издаване | |
| Страна на създаване/издаване | Великобритания |
| 260 ## - Област на издателските данни | |
| -- | София |
| Име на издателя, разпространителя и проч. | Фют |
| Година на издаване | 2010 |
| Печатница | отпеч. в Китай |
| 300 ## - Физическа характеристика | |
| Страници | 64 с. |
| Илюстрации и др. | с цв. ил., к. |
| Размери/Мащаб | 29 см |
| 380 ## - Жанр | |
| Жанр | Детска отраслова лит. |
| 490 1# - СЕРИИ (Колекции) | |
| Име на серия | Кръговрати |
| 500 ## - Общи забележки | |
| Забележка | Ориг. загл. Infinity Treasure. - За автора. - Азб. показалец. |
| 650 #4 - Допълнително описание по предмет – тема | |
| Основно описание – тема или топоним | Съкровища |
| 9 (RLIN) | 172969 |
| 653 ## - Ключова дума – ненормативна | |
| Ключова дума | съкровища |
| 653 ## - Ключова дума – ненормативна | |
| Ключова дума | детска литература |
| 653 ## - Ключова дума – ненормативна | |
| Ключова дума | литература за деца |
| 659 ## - Тематичен бюлетин | |
| Тематичен бюлетин | Н |
| 700 ## - Други автори (авторска отговорност) | |
| Лично име | Митренцева, Екатерина Христева |
| 9 (RLIN) | 270859 |
| 852 ## - Местоположение | |
| Форматна сигнатура | Цб ІІ 17635 |
| 856 4# - Електронен адрес и достъп | |
| Електронен формат | pdf - файл |
| Път до файла /url/ | |
| 856 4# - Електронен адрес и достъп | |
| Електронен формат | pdf - файл |
| Път до файла /url/ | |
| 942 ## - АРТИКУЛИ | |
| Вид на библиотечния материал | Книги |
| Скрит в OPAC | Не |
| Koha issues (borrowed), all copies | 1 |
| 944 ## - СЪЗДАВАНЕ И РЕДАКЦИЯ на ЗАПИСА | |
| Създаване/Редакция | Създаване |
| Дата на регистрацията/редакция | 30.01.2013 |
| Статус, дата на статуса | Геновева Генчева |
| Служител, извършил регистрацията/редакцията | 30560 |
| 944 ## - СЪЗДАВАНЕ И РЕДАКЦИЯ на ЗАПИСА | |
| Създаване/Редакция | Редакция |
| Дата на регистрацията/редакция | 09.01.2015 |
| Статус, дата на статуса | ф / |
| Служител, извършил регистрацията/редакцията | Людмила_Стоянова |
| 999 ## - СИСТЕМНИ КОНТРОЛНИ НОМЕРА | |
| Koha biblionumber | 132828 |
| Koha biblioitemnumber | 132828 |
| Код за отписване | Код за изгубен артикул | Код за повреда | Коз за рестрикции | Код за отдаване | Артикулен № | Име на библиотеката - собственик | Име на библиотеката, в която се намира в момента | Статус (Текущо местоположение) | Дата на вписване в системата | Местоположение - отдел | Цена в лева | Инвентарен номер | Систематично азбучна сигнатура | Баркод | Номер на екземпляра | Цена в евро | Служебна бележка | Служебен тип на артикула |
|---|---|---|---|---|---|---|---|---|---|---|---|---|---|---|---|---|---|---|
| Не е изгубен | Не е повреден | без рестрикции | ползва се в читалня | 216639 | Регионална библиотека "Любен Каравелов" Русе | Регионална библиотека "Любен Каравелов" Русе | Хранилище | 2013-01-29 | Хранилище | 14.00 | 120000763284 | Цб ІІ 17635 | 120000763284 | 1 | 7.16 | Дост: Dp Вид: Д N: 41 Дата: 10.10.2011 | Книги | |
| Не е изгубен | Не е повреден | без рестрикции | заемане за дома | 216640 | Регионална библиотека "Любен Каравелов" Русе | Регионална библиотека "Любен Каравелов" Русе | Детски отдел | 2014-11-29 | Детски отдел | 16.90 | 120000783243 | ДН 9/М 97 | 120000783243 | 2 | 8.64 | Дост: Pk Вид: Ф N: 418 Дата: 22.11.2014 Дата инв: 21.08.2015 Бележки инв: Д2015 | Книги |